Statistics for Jean-Luc Godard Movies

Click here to take the quiz!

General Stats

  • This quiz has been taken 162 times
  • The average score is 16 of 43

Answer Stats

HintAnswer% Correct
1960Breathless
97%
1963Contempt
87%
1965Pierrot le Fou
85%
1964Alphaville
75%
1961A Woman is a Woman
73%
1964Band of Outsiders
72%
1967Week End
71%
1967La Chinoise
65%
1962My Life to Live
65%
1960The Little Soldier
61%
1967Two or Three Things I Know About Her
53%
2014Goodbye to Language
52%
1966Masculin Féminin
52%
2010Film socialisme
50%
1966Made in U.S.A.
42%
1987King Lear
41%
1983First Name: Carmen
39%
1985Hail Mary
38%
1963The Carabineers
38%
1985Détective
35%
1990New Wave
34%
2004Notre Musique
33%
1972Tout va bien
33%
1964A Married Woman
32%
1980Every Man for Himself
31%
1996For Ever Mozart
29%
2001In Praise of Love
27%
1993One Woe Is Me
26%
1982Passion
26%
1968Sympathy for the Devil
25%
1987Keep Your Right Up
22%
1994JLG/JLG - Self-Portrait in December
19%
1975Number Two
17%
1971Vladimir et Rosa
13%
1969Wind from the East
11%
1991Germany Year 90 Nine Zero
10%
1968Le Gai Savoir
9%
1993The Kids Play Russian
7%
1969British Sounds
6%
1974Here and Elsewhere
5%
1976How's It Going?
4%
1968A Film Like the Others
2%
1969Struggles in Italy
1%

Score Distribution

Percentile by Number Answered

Percent of People with Each Score

Your Score History

You have not taken this quiz